| 000 | 00614nam a22001457a 4500 | ||
|---|---|---|---|
| 020 | _a978-1-4075-0240-3 | ||
| 082 |
_a823 _bPOR/H |
||
| 100 | _aPORYES, MICHAEL | ||
| 245 |
_aHANNAH MONTANA _bKEEPING SECRETS |
||
| 260 |
_aUNITED KINGDOM _bPARRAGON _c2007 |
||
| 300 | _a117 | ||
| 520 | _aMiley Stewart has a big secret. When the lights go down, she's pop star Hannah Montana! But balancing her pop star life with school and homework is harder than she thought. Plus, when her friend Oliver becomes totally obsessed with Hannah Montana, Miley doesn't know what to do! | ||
| 650 |
_aNOVELS _zUNITED KINGDOM |
||
| 942 | _cBK | ||
| 999 |
_c2322 _d2322 |
||